000 00621nam a2200193Ia 4500
008 151121s9999||||xx |||||||||||||| ||und||
082 _a813/शिरवळ
082 _bHNW-116041
100 _aशिरवळकर सुहास
245 _aबिनशर्त
260 _b"दिलीपराज प्रकाशन प्रा। लि।, पुणे।"
260 _c2014
300 _a176
600 _aशिरवळकर सुहास
630 _aबिनशर्त
700 _aशिरवळकर सुहास
730 _aबिनशर्त
942 _cBOOK
999 _c1264719
_d1264716